| 000 | 01341nam a22003497a 4500 | ||
|---|---|---|---|
| 001 | 00280 | ||
| 003 | DO-SdBNP | ||
| 005 | 20180312135426.0 | ||
| 007 | 00280 | ||
| 008 | 160427b dr 2004||||| |||| 00| 0 spa d | ||
| 020 | _a9789993498698 (v. 4) | ||
| 040 |
_aBPMSU _bspa _cBPMSU |
||
| 092 |
_a372.257 _bG934n 4to. 2004 |
||
| 100 | 1 | _aGuerrero, Ángela | |
| 245 | 1 |
_aNaturaleza 4 : _beducación básica / _cÁngela Guerrero, Raquel Rodríguez ; dirección editorial Obdulia García de Escobar ; editora Claudia Llibre |
|
| 300 |
_a3v. : _bil. retrs. _c28 cm. |
||
| 490 | _aÁmbar | ||
| 505 |
_tEl universo -- _tLa luz -- _tEl sonido -- _tLas formas de vida -- _tFunciones de la vida -- _tLos recursos naturales -- _tLos ecosistemas -- _tLa agricultura. |
||
| 650 | 4 |
_aCIENCIAS NATURALES _xENSEÑANZA BÁSICA |
|
| 650 | 4 |
_aCIENCIAS NATURALES _xESTUDIOS Y EJERCICIOS |
|
| 650 | 4 |
_aCIENCIAS NATURALES _xLIBROS DE TEXTOS |
|
| 650 | 4 |
_aCIENCIAS NATURALES _xEDUCACIÓN PRIMARIA |
|
| 650 | 4 |
_aEDUCACIÓN PRIMARIA _zREPÚBLICA DOMINICANA |
|
| 700 | 1 | 2 | _aRodríguez, Raquel |
| 700 | 1 | 2 |
_aGarcía de Escobar, Obdulia, _e ed. |
| 700 | 1 | 2 |
_aLlibre, Claudia, _eed. |
| 830 | 0 | _aÁmbar | |
| 910 | _aValidado. Control de calidad MFF | ||
| 942 |
_2ddc _cBK |
||
| 945 | _aRemanejado para la BNPHU / 2018 VM | ||
| 956 |
_aBTAVÁREZ _b10 _c20160429 _d00280 |
||
| 999 |
_c9964 _d9964 |
||